Writing arguments a rhetoric with readings

Saved in:
Bibliographic Details
Main Author: RAMAGE, John D
Format: Book
Language:English
Published: Longman 2010
Tags: Add Tag
No Tags, Be the first to tag this record!

MARC

LEADER 00000nam a22000007a 4500
008 210427b ||||| |||| 00| 0 eng d
020 |a  978-0-205-66577-8 
100 |a RAMAGE, John D 
245 |a Writing arguments  |b a rhetoric with readings  |c John D. Ramage, John C. Bean, June Johnson  |g . xxv, 303p, ill 
250 |b 5th ed. 
260 |b  Longman  |c  2010  |h New York:   |i 681626   |l PE1431 .R14  |m English language – Rhetoric  |m Persuasion (Rhetoric).  |m College readers.  |m Report Writing. 
500 |a “It includes bibliographical references and index”. 
942 |a lcc  |c BK  |e Adekanye, I. H.  |f 27/04/2021 
952 |0 0  |1 0  |2 lcc  |4 0  |6 PE1431 R14  |7 0  |9 2357  |a HOL  |b HOL  |c LP  |d 2021-04-27  |l 0  |o PE1431 .R14  |p 2021-6211  |r 2021-04-27 00:00:00  |w 2021-04-27  |y BK 
999 |c 1216  |d 1216